| 000 | 00977cab a2200265 4500 | ||
|---|---|---|---|
| 001 | WB3009-24 | ||
| 008 | 090401t1994 xxu||||| |||| 00| 0 eng d | ||
| 035 | _a(Sirsi) u30052 | ||
| 041 | _aeng | ||
| 245 | _aLeasehold law faces test case | ||
| 260 | _c1994 | ||
| 350 | _a0 | ||
| 490 |
_aSunday Times _v27 February 1994, 8(1) |
||
| 520 | _aLondon solicitor David Cooper is expected to be one of the Duke of Westminister`s first leaseholders to exercise his right to buy his freehold under the Leasehold Reform Act 1993. Mr Cooper may have to bring a test case before an indpendent tribunal to determine the value of the property. | ||
| 650 | _aDUKE OF WESTMINSTER | ||
| 650 | _aFREEHOLD | ||
| 650 | _aLEASEHOLD REFORM, HOUSING AND URBAN DEVELOPMENT ACT 1993 | ||
| 650 | _aLEASEHOLD REFORM | ||
| 650 | _aRIGHT TO BUY | ||
| 650 | _aTEST CASE | ||
| 650 |
_aValuation _96273 |
||
| 690 | _aLANDLORD AND TENANT-LEASEHOLD REFORM | ||
| 942 | _n0 | ||
| 948 | _c04/03/1997 | ||
| 999 |
_c20232 _d20232 |
||